000 01023nam a2200241Ia 4500
003 Ost
005 20260507075104.0
008 260507s9999||||xx |||||||||||||| ||und||
020 _a9789961006085
040 _cfsecg
041 _aara
082 _a330
100 _aهني، أحمد
_eمؤلف
245 0 _aدروس في المنهجية الإقتصادية ومدخل الى العلوم الإقتصادية /
_c أحمد هني
250 _aطبعة 3
260 _aالجزائر:
_bديوان المطبوعات الجامعية,
_c2015
300 _a149 صفحة؛
_bإيضاحات ؛
_c23 سم
504 _aالمراجع ص.149
520 _aموضوع علم الإقتصاد- إعداد وقياس الخيرات الإقتصادية- النماذج الإقتصادية- النماذج الرئيسية في التحليل الإقتصادي- عوامل النشاط الإقتصادي.
653 _aالبحث العلمي
653 _aالعلوم الإقتصادية
942 _cكتاب
999 _c42816
_d42816